Methods for measuring the crack length in rubbery pure shear and sent specimens (Record no. 62870)

MARC details
000 -LEADER
fixed length control field 00444nam a2200157Ia 4500
100 ## - MAIN ENTRY--AUTHOR NAME
Personal name Yang K J
245 #0 - TITLE STATEMENT
Title Methods for measuring the crack length in rubbery pure shear and sent specimens
260 ## - PUBLICATION, DISTRIBUTION, ETC. (IMPRINT)
Name of publisher Rubber Chemistry and Technology
Year of publication 2002
300 ## - PHYSICAL DESCRIPTION
Number of Pages 657-668
650 ## - SUBJECT ADDED ENTRY--TOPICAL TERM
Topical Term Crack length
650 ## - SUBJECT ADDED ENTRY--TOPICAL TERM
Topical Term Rubbery pure shear
650 ## - SUBJECT ADDED ENTRY--TOPICAL TERM
Topical Term Sent specimen
700 ## - ADDED ENTRY--PERSONAL NAME
Personal name KangK J
942 ## - ADDED ENTRY ELEMENTS (KOHA)
Koha item type Journals
Holdings
Withdrawn status Lost status Damaged status Not for loan Home library Current library Shelving location Date acquired Serial Enumeration / chronology Koha item type
      Journals RRII Library RRII Library Rubber chemistry 01/01/2021 Volume 75, Issue 4 Journals